Rozpoznaj Youtuberów po przywitaniach! - Statystyki

Ogólne statystyki
  • Ten quiz został rozwiązany 374 razy
  • Średni wynik to 3 z 10
Statystyki odpowiedzi
Przywitanie YouTuber % Poprawnych
Sieeeemanczeeeczko ..... [nagrywaŁ minecraft] Blowek
63%
[zawsze na początku daje jakąś wstawkę po czym się wita] (Ma więcej niż 3mln subów) Friz
59%
Siemanko z tej strony..... [kanał o tematyce Kostek Rubika - Operator Friza] DżoDżo
57%
......Przekonajmy Się! Mniej Więcej
46%
Siema Siema... [kanał comentery] ZeboPL
25%
Witam was panie i panowie czy czym kowiek tam jesteście Graf
20%
Dzień Dobry moi drodzy... [gra na kwadratowej masakrze] Nexe
16%
Cześć witam wszystkich bardzo serdecznie z tej strony....... izak LIVE
5%
Cześć witam was wszystkich bardzo serdecznie ja jestem.... Kolega Strategacy
3%
Hej witam was wszystkich bardzo serdecznie w kolejnym odcinku z serii.... [gra na kwadratowej masakrze] TIDZIMI
2%
Nie znaleziono quizów pasujących do podanych kryteriów
Rozkład punktacji
Procent ludzi z każdym wynikiem
Percentyl według liczby udzielonych odpowiedzi
Twoja historia wyników
Nie rozwiązałeś tego quizu